Vilapayathra_Malayalam (Record no. 38154)
[ view plain ]
| 000 -LEADER | |
|---|---|
| fixed length control field | 00943nam a22001817a 4500 |
| 020 ## - INTERNATIONAL STANDARD BOOK NUMBER | |
| ISBN | 9788122611366 |
| 082 ## - DEWEY DECIMAL CLASSIFICATION NUMBER | |
| Classification number | 920 VAS |
| 100 ## - MAIN ENTRY--AUTHOR NAME | |
| Personal name | Vasudevan Nair M T |
| 245 ## - TITLE STATEMENT | |
| Title | Vilapayathra_Malayalam |
| 250 ## - EDITION STATEMENT | |
| Edition statement | 1 |
| 260 ## - PUBLICATION, DISTRIBUTION, ETC. (IMPRINT) | |
| Name of publisher | Current Books |
| Place of publication | Thrissur |
| Year of publication | 2024 |
| 300 ## - PHYSICAL DESCRIPTION | |
| Number of Pages | Number of pages : 88 |
| 520 ## - SUMMARY, ETC. | |
| Summary, etc | เดคเดฟเดฐเดฟเดเต เดเดฟเดเตเดเดพเดคเตเดค เดจเดฟเดฎเดฟเดทเดเตเดเดณเตเดเต เดคเตเดเตเดเดฒเตเดเดณเดพเดฃเต เดเดฟเดฒ เดเตเดตเดฟเดคเดเตเดเดณเตโ. เดเดพเดฒเดคเตเดคเดฟเดจเตเดชเตเดชเด เดธเดเตเดเดฐเดฟเดเตเดเดพเดจเตโ เดชเดพเดเตเดชเตเดชเตเดเตเดจเตเดจ เดเดจเตเดฎเดเตเดเดณเตโ. เดเตเดตเดฟเดคเดคเตเดคเดฟเดจเตเดฑเต เดตเตเดฆเดจเดเดณเตเด เดเตเดฑเตเดธเดจเตเดคเตเดทเดเตเดเดณเตเด เดจเดทเตเดเดฌเตเดงเดเตเดเดณเตเด เดเดฃเดฐเตโเดคเตเดคเตเดจเตเดจ เดจเตเดตเดฒเตโ. |
| 546 ## - LANGUAGE NOTE | |
| Language note | Language : Malayalam |
| 650 ## - SUBJECT ADDED ENTRY--TOPICAL TERM | |
| Topical Term | GEN |
| 942 ## - ADDED ENTRY ELEMENTS (KOHA) | |
| Koha item type | Text Book |
| 952 ## - LOCATION AND ITEM INFORMATION (KOHA) | |
| Damaged status | |
| Not for loan | |
| Withdrawn status | Collection code | Permanent Location | Current Location | Date acquired | Source of acquisition | Cost, normal purchase price | Inventory number | Full call number | Accession Number | Price effective from | Koha item type |
|---|---|---|---|---|---|---|---|---|---|---|---|
| GENERAL | VAST Central Library | VAST Central Library | 28/11/2025 | Minerva Books | 150.00 | 90 | 920 VAS | 38302 | 22/12/2025 | Text Book |